000 00319nam a2200109Ia 4500
008 200302s9999 xx 000 0 und d
100 _aAndreas C. Papadakis
245 _aArchitecture & the Environment Hrh the Prince of Wales and the Earth in Balance
260 _bArchiworld Co. Ltd.
260 _c1993
300 _a96 P.,
999 _c1164
_d1164